Central Library OPAC University of Rajshahi

Thucydides / (Record no. 25316)

MARC details
000 -LEADER
fixed length control field 00996nam a2200277u 4500
001 - CONTROL NUMBER
control field 25316
003 - CONTROL NUMBER IDENTIFIER
rucl marc code BD-RjUL
005 - DATE AND TIME OF LATEST TRANSACTION
control field 20211209050848.0
008 - FIXED-LENGTH DATA ELEMENTS--GENERAL INFORMATION
fixed length control field 140318r19531923enkbc 001 0aeng
035 ## - SYSTEM CONTROL NUMBER
System control number (BD-RjUL)25385
040 ## - CATALOGING SOURCE
Original cataloging agency DLC
Transcribing agency CarP
Modifying agency DLC
-- BD-RjUL
Language of cataloging eng
041 ## - LANGUAGE CODE
Language code of text/sound track or separate title eng
051 ## - LIBRARY OF CONGRESS COPY, ISSUE, OFFPRINT STATEMENT
Classification number PA4452
Item number .A2 1919
Copy information Copy 2.
082 04 - DEWEY DECIMAL CLASSIFICATION NUMBER
Edition number 19
Classification number 937
Author mark and year THT 1953
100 0# - MAIN ENTRY--PERSONAL NAME
Personal name Thucydides.
9 (RLIN) 74738
245 00 - TITLE STATEMENT
Title Thucydides /
Statement of responsibility, etc. with an English translation by Charles Forster Smith.
Number of part/section of a work Volume IV :
Name of part/section of a work History of the Peloponnesian War Books VII and VIII.
260 ## - PUBLICATION, DISTRIBUTION, ETC. (IMPRINT)
Place of publication, distribution, etc. London :
Name of publisher, distributor, etc. W. Heinemann;
Place of publication, distribution, etc. New York :
Name of publisher, distributor, etc. G. P. Putnam's sons,
Date of publication, distribution, etc. 1923 [Reprinted 1953].
300 ## - PHYSICAL DESCRIPTION
Pagination v ,458 p. :
Illustrations maps (part fold.) ;
Size 18 cm.
490 0# - SERIES STATEMENT
Series statement The Loeb classical library ... [from old catalog]
504 ## - BIBLIOGRAPHY, ETC. NOTE
Bibliography, etc Includes index.
651 #0 - SUBJECT ADDED ENTRY--GEOGRAPHIC NAME
Geographic name Greece
General subdivision History
Chronological subdivision Peloponnesian War, 431-404 B.C.
9 (RLIN) 77843
700 1# - ADDED ENTRY--PERSONAL NAME
Personal name Smith, Charles Forster,
Relator term tr.
942 ## - ADDED ENTRY ELEMENTS (KOHA)
Source of classification or shelving scheme Dewey Decimal Classification
Koha item type Books
Holdings
Lost status Source of classification or shelving scheme Damaged status Not for loan Collection code Permanent Location Current Location Shelving location Date acquired Source of acquisition Cost, normal purchase price Total Checkouts Full call number Date last seen Copy number Koha item type
  Dewey Decimal Classification   Added to bundle Non-fiction Central Library, University of Rajshahi Central Library, University of Rajshahi Reading Room 10/03/1955 SIMPKIN MARSHAL 15.00   937 THT V-4 1953 18/03/2014 C-1 Books